Inroduction to Solid State Physics (Record no. 5611)

MARC details
000 -LEADER
fixed length control field 00386nam a22001697a 4500
005 - DATE AND TIME OF LATEST TRANSACTION
control field 20170925152151.0
008 - FIXED-LENGTH DATA ELEMENTS--GENERAL INFORMATION
fixed length control field 170925b xxu||||| |||| 00| 0 eng d
020 ## - INTERNATIONAL STANDARD BOOK NUMBER
ISBN 978-81-203-5147-9
041 ## - LANGUAGE CODE
Language code of text/sound track or separate title eng
082 ## - DEWEY DECIMAL CLASSIFICATION NUMBER
Classification number 530.41
100 ## - MAIN ENTRY--AUTHOR NAME
Personal name Kumar,Arun
245 ## - TITLE STATEMENT
Title Inroduction to Solid State Physics
250 ## - EDITION STATEMENT
Edition statement 2nd
260 ## - PUBLICATION, DISTRIBUTION, ETC. (IMPRINT)
Place of publication New Delhi
Name of publisher PHI
300 ## - PHYSICAL DESCRIPTION
Number of Pages 510
942 ## - ADDED ENTRY ELEMENTS (KOHA)
Koha item type Books
Holdings
Lost status Damaged status Collection code Home library Current library Shelving location Date acquired Source of acquisition Full call number Accession Number Koha item type
    CS/IT JRU Library   SHELF-56-B 25/09/2017 Purchase 530.41 22119 Books
    CS/IT JRU Library JRU Library SHELF-56-B 25/09/2017 Purchase 530.41 22120 Books
    CS/IT JRU Library JRU Library SHELF-56-B 25/09/2017 Purchase 530.41 22121 Books
    CS/IT JRU Library JRU Library SHELF-56-B 25/09/2017 Purchase 530.41 22122 Books
    CS/IT JRU Library JRU Library SHELF-56-B 25/09/2017 Purchase 530.41 22123 Books